Executive insight series : compendium of supply chain management terms / (Record no. 9012)

MARC details
000 -LEADER
fixed length control field 00647nam a22001697a 4500
005 - DATE AND TIME OF LATEST TRANSACTION
control field 20220610152229.0
008 - FIXED-LENGTH DATA ELEMENTS--GENERAL INFORMATION
fixed length control field 220610b ||||| |||| 00| 0 eng d
020 ## - INTERNATIONAL STANDARD BOOK NUMBER
International Standard Book Number 0797776123377
050 ## - LIBRARY OF CONGRESS CALL NUMBER
Classification number HD39.5.B63(2e)
100 ## - MAIN ENTRY--PERSONAL NAME
9 (RLIN) Boateng, Douglas.
245 ## - TITLE STATEMENT
Title Executive insight series : compendium of supply chain management terms /
Statement of responsibility, etc. Douglas Boateng.
250 ## - EDITION STATEMENT
Edition statement 2nd ed.
260 ## - PUBLICATION, DISTRIBUTION, ETC.
Place of publication, distribution, etc. Johannesburg :
Name of publisher, distributor, etc. PanAvest International and Partners,
Date of publication, distribution, etc. 2016.
300 ## - PHYSICAL DESCRIPTION
Extent 927 p. :
Dimensions 22 cm.
505 ## - FORMATTED CONTENTS NOTE
Formatted contents note Contents : A -- B -- C-- D -- E -- F-- G -- H -- I -- J -- K -- L -- M -- N -- O -- P -- Q-- R -- S -- T -- U -- V -- W -- X -- Y -- Z.
942 ## - ADDED ENTRY ELEMENTS (KOHA)
Source of classification or shelving scheme Dewey Decimal Classification
Koha item type Books
Holdings
Withdrawn status Lost status Source of classification or shelving scheme Damaged status Not for loan Home library Current library Shelving location Date acquired Full call number Barcode Date last seen Copy number Price effective from Koha item type
    Library of Congress Classification     WISCONSIN INTERNATIONAL UNIVERSITY COLLEGE, GHANA - MAIN LIBRARY WISCONSIN INTERNATIONAL UNIVERSITY COLLEGE, GHANA - MAIN LIBRARY Reference 10/06/2022 HD39.5.B63(2e) 9237/686/22 10/06/2022 1 10/06/2022 Books

If you have any concerns or questions; kindly contact the library


© Powered by WIUC ICT DIRECTORATE